| 000 | 00482nam a2200157 a 4500 | ||
|---|---|---|---|
| 999 |
_c466 _d466 |
||
| 003 | BD-JhCC | ||
| 005 | 20171005115032.0 | ||
| 008 | 171005s2004 bd |||| |||| 000 0 ben d | ||
| 020 | _a984422038X | ||
| 035 | _a(BD-JhCC) | ||
| 040 |
_aBD-JhCC _dBD-JhCC |
||
| 041 | _aben | ||
| 082 |
_a891.443 _bIQB 2004 |
||
| 100 | _aইকবাল, মুহম্মদ জাফর | ||
| 245 |
_aএখনো স্বপ্ন দেখায় / _cমুহম্মদ জাফর ইকবাল |
||